| 000 | 00596nam a2200169 i 4500 | ||
|---|---|---|---|
| 001 | 43461 | ||
| 003 | ES-MaACL | ||
| 005 | 20230906160811.0 | ||
| 007 | t| | ||
| 008 | 030317s1936 sp a c |||| | spa d | ||
| 245 | 0 | 0 | _aCatálogo ilustrado de la colección de monedas y medallas antiguas que pondrá a la venta... (en la) Lonja del Almidón... Madrid. |
| 260 |
_aMadrid : _b[s.n.], _c1936 ( _fSuc. de Rivadeneyra) |
||
| 300 |
_a51 p., 23 lám. ; _c29 cm. |
||
| 650 | 4 |
_aNumismática- _zEspaña. _9140095 |
|
| 650 | 4 |
_aMonedas antiguas- _zEspaña- _vCatálogos. _9166454 |
|
| 852 |
_aES-MaACL _j1767-F-2 |
||
| 999 |
_c43461 _d43461 |
||